00710nam a2200229Ia 4500003000400000005001700004008004100021020001800062040000700080041000800087082001500095100003100110245005500141250000600196260004000202300001700242365000800259906005800267942001200325999001900337952012400356OSt20230317113435.0210423s2010 xx 000 0 und d a9788173716775 cAL aeng a547.7 KRIN aKRISHNASWAMY (N R).942018 aChemistry of natural products: a unified approach. a2 aHyderabadbUniversities Pressc2010 axiii,417bPB cINR aapproach. ; Chemistry ; natural ; products: ; unified 2ddccBK c154691d154691 001040708ACaSACPGbSACPGd2011-08-09eKnowledge Worldl0o547.7 KRINpPG001159r2022-08-24 00:00:00w2021-04-26yBK